000 00331nam a2200145Ia 4500
100 _aMehta N.V.
650 _aGeneral
942 _cBK
654 _aIncome Tax Ready Reckoner
245 _aIncome tax ready reckoner2005-06
260 _bShri Kuber Pub. House
_aMumbai
_c2005
300 _a368
546 _aENGLISH
999 _c28788
_d28788